[Event "WA State-ch"]
[Site "South Perth"]
[Date "2006.08.13"]
[Round "7"]
[White "Dunlop, Gordon"]
[Black "Tomic, Nedeljko"]
[Result "1-0"]
[WhiteElo "1802"]
[BlackElo "1665"]
[PlyCount "127"]
[EventDate "2006.07.02"]
[EventType "swiss"]
[EventRounds "9"]
[EventCountry "AUS"]
[SourceTitle "EXT 2008"]
[Source "ChessBase"]
[SourceDate "2007.11.25"]
[SourceVersion "1"]
[SourceVersionDate "2007.11.25"]
[SourceQuality "1"]

1. g3 e5 2. Bg2 d5 3. d4 e4 4. c4 c6 5. Nc3 Bb4 6. e3 Nf6 7. Nge2 0-0 8. 0-0 Bg4 9. Qc2 Qd7 10. Bd2 Qf5 11. Nf4 g5 12. h3 gxf4 13. hxg4 Nxg4 14. exf4 Qh5 15. Rfe1 Bxc3 16. Qxc3 Nd7 17. f3 Qh2+ 18. Kf1 Ngf6 19. Kf2 exf3 20. Qxf3 Qh6 21. Rh1 Qg7 22. Rh4 Ne4+ 23. Ke3 f5 24. Rah1 Ndf6 25. Bh3 Nxd2 26. Kxd2 Ne4+ 27. Kd3 dxc4+ 28. Kc2 Qxd4 29. Bxf5 Qd3+ 30. Qxd3 cxd3+ 31. Kxd3 Nc5+ 32. Kc2 Rxf5 33. Rxh7 Raf8 34. b4 Ne4 35. Rh8+ Kf7 36. R8h7+ Ke6 37. Re1 Kd5 38. Rd7+ Ke6 39. Rxb7 R5f7 40. Rxe4+ Kf5 41. Rxf7+ Rxf7 42. Rc4 Rf6 43. Kb3 Kg4 44. Rc3 Kf5 45. Ka4 Ke4 46. Ka5 Kd4 47. Rc5 Rg6 48. Rg5 Rd6 49. a4 Ke4 50. Rg7 Kd5 51. Rxa7 Rg6 52. Rd7+ Kc4 53. Rc7 Kd5 54. b5 cxb5 55. axb5 Rxg3 56. Kb6 Rb3 57. f5 Rf3 58. Rc5+ Kd6 59. f6 Kd7 60. f7 Kd8 61. Rc7 Rf5 62. Rb7 Kc8 63. Re7 Rf6+ 64. Ka5 1-0

[Event "WA State-ch"]
[Site "South Perth"]
[Date "2006.08.06"]
[Round "6"]
[White "Tomic, Nedeljko"]
[Black "Holland, Dennis"]
[Result "0-1"]
[WhiteElo "1665"]
[BlackElo "1739"]
[PlyCount "56"]
[EventDate "2006.07.02"]
[EventType "swiss"]
[EventRounds "9"]
[EventCountry "AUS"]
[SourceTitle "EXT 2008"]
[Source "ChessBase"]
[SourceDate "2007.11.25"]
[SourceVersion "1"]
[SourceVersionDate "2007.11.25"]
[SourceQuality "1"]

1. e4 e6 2. c4 d5 3. e5 c5 4. Nf3 Nc6 5. Nc3 Nge7 6. Bd3 Ng6 7. Bxg6 hxg6 8. 0-0 g5 9. g4 f5 10. Qc2 d4 11. gxf5 d3 12. Qd1 exf5 13. Kg2 g4 14. Ne1 Qh4 15. Rh1 Qh3+ 16. Kg1 Nd4 17. Ng2 Nf3+ 18. Kf1 Nxh2+ 19. Rxh2 Qxh2 20. Ne2 dxe2+ 21. Kxe2 Qxg2 22. Qb3 Rh3 23. d3 Qf3+ 24. Kd2 Qxf2+ 25. Kc3 Rh2 26. Qd1 Qd4+ 27. Kb3 Be6 28. Bg5 Qxb2+ 0-1

[Event "WA State-ch"]
[Site "South Perth"]
[Date "2006.07.23"]
[Round "4"]
[White "Tomic, Nedeljko"]
[Black "Boyd, Tristan"]
[Result "0-1"]
[WhiteElo "1665"]
[BlackElo "2247"]
[PlyCount "152"]
[EventDate "2006.07.02"]
[EventType "swiss"]
[EventRounds "9"]
[EventCountry "AUS"]
[SourceTitle "EXT 2008"]
[Source "ChessBase"]
[SourceDate "2007.11.25"]
[SourceVersion "1"]
[SourceVersionDate "2007.11.25"]
[SourceQuality "1"]

1. e4 c5 2. Nf3 d6 3. Bc4 Nc6 4. a3 g6 5. c3 Nf6 6. Qb3 e6 7. Qc2 Bg7 8. b4 d5 9. exd5 exd5 10. Be2 cxb4 11. axb4 0-0 12. 0-0 Re8 13. d4 Bf5 14. Bd3 Ne4 15. Be3 h6 16. Nbd2 Rc8 17. Qb2 Ng3 18. Bxf5 Nxf5 19. Rfe1 b6 20. Nf1 Qd7 21. Qd2 Kh7 22. h3 Nd6 23. Bf4 Ne4 24. Qd3 a5 25. Reb1 Qf5 26. Be3 axb4 27. cxb4 Bf8 28. Bd2 Ng3 29. Qxf5 Nxf5 30. Ne3 Ncxd4 31. Nxd4 Nxd4 32. Nxd5 Red8 33. Nf6+ Kg7 34. Ne4 Rd7 35. Bc3 Re8 36. f3 f5 37. Ng3 Kf7 38. Rd1 Bg7 39. Kf1 Red8 40. Bxd4 Bxd4 41. Ra6 Be5 42. Rxd7+ Rxd7 43. Ne2 Rb7 44. Nc1 Rc7 45. Ne2 Rc6 46. f4 Bf6 47. Ke1 Re6 48. Kd2 Be7 49. Ra7 Kf6 50. b5 Bc5 51. Rc7 Re7 52. Rc6+ Kf7 53. Kd3 Re3+ 54. Kd2 Rb3 55. Nc3 Rb2+ 56. Kd3 Rxg2 57. Nd5 Rb2 58. Kc4 Rc2+ 59. Kb3 Rh2 60. Rxc5 bxc5 61. b6 Re2 62. Kc4 Rb2 63. Kxc5 Ke6 64. Nc3 Kd7 65. Nb5 Kc8 66. Nd6+ Kb8 67. Nf7 Rh2 68. Kc6 Rxh3 69. Ne5 Rc3+ 70. Kd5 g5 71. fxg5 hxg5 72. Kd4 Rc1 73. Ng6 Kb7 74. Ne7 f4 75. Ng6 Re1 76. Nf8 f3 0-1

[Event "WA State-ch"]
[Site "South Perth"]
[Date "2006.07.02"]
[Round "1"]
[White "Williams, Veronica"]
[Black "Tomic, Nedeljko"]
[Result "0-1"]
[WhiteElo "124"]
[BlackElo "1665"]
[PlyCount "48"]
[EventDate "2006.07.02"]
[EventType "swiss"]
[EventRounds "9"]
[EventCountry "AUS"]
[SourceTitle "EXT 2008"]
[Source "ChessBase"]
[SourceDate "2007.11.25"]
[SourceVersion "1"]
[SourceVersionDate "2007.11.25"]
[SourceQuality "1"]

1. d4 f5 2. e3 e6 3. Nf3 Nf6 4. a3 b6 5. Nc3 Bb7 6. Be2 a5 7. 0-0 d6 8. Bd3 g6 9. Ng5 Qe7 10. Qe2 h6 11. Nh3 e5 12. dxe5 dxe5 13. e4 f4 14. g3 g5 15. Bd2 Nbd7 16. Nb5 Nc5 17. f3 0-0-0 18. b4 Nxd3 19. cxd3 Qd7 20. Nc3 Qxh3 21. g4 axb4 22. axb4 Bxb4 23. Qg2 Qxg2+ 24. Kxg2 Rxd3 0-1

[Event "Perth Midland"]
[Site "Perth"]
[Date "2005.11.02"]
[Round "5"]
[White "Tomic, Nedeljko"]
[Black "Dunlop, Gordon"]
[Result "0-1"]
[WhiteElo "1650"]
[BlackElo "1841"]
[PlyCount "125"]
[EventDate "2005.09.28"]
[EventType "tourn"]
[EventRounds "7"]
[EventCountry "AUS"]
[SourceTitle "EXT 2010"]
[Source "ChessBase"]
[SourceDate "2010.11.25"]
[SourceVersion "1"]
[SourceVersionDate "2010.11.25"]
[SourceQuality "1"]

1. e4 c5 2. Nf3 d6 3. b3 Nc6 4. Bb2 e5 5. Bb5 Nf6 6. d3 Be7 7. h3 0-0 8. Bxc6 bxc6 9. Nc3 Be6 10. g4 a5 11. Na4 Nd7 12. Nc3 d5 13. a4 c4 14. bxc4 dxc4 15. 0-0 Rb8 16. Bc1 Bb4 17. Ne2 cxd3 18. cxd3 c5 19. Be3 Qf6 20. Ng5 Rfd8 21. f4 h6 22. fxe5 Qe7 23. Nf3 Nb6 24. Qc2 Bd7 25. Nf4 Qe8 26. Bxc5 Rbc8 27. d4 Bxa4 28. Qf2 Nc4 29. Nd3 Bxc5 30. Nxc5 Bb5 31. Rfe1 Qc6 32. Kh2 a4 33. g5 hxg5 34. Nxg5 Rc7 35. e6 f6 36. Nf7 Rf8 37. Qh4 Rfxf7 38. exf7+ Rxf7 39. Qf4 Nb6 40. Rec1 Qe8 41. Qf5 Nc4 42. Rxc4 Bxc4 43. Rxa4 Qb8+ 44. Kg2 Qb2+ 45. Qf2 Qb5 46. d5 Rc7 47. Ra8+ Kf7 48. Ne6 Bxd5 49. Ng5+ Ke7 50. Ra7 Rxa7 51. Qxa7+ Qd7 52. Qxd7+ Kxd7 53. exd5 fxg5 54. Kf3 Kd6 55. Ke4 Kd7 56. Kf5 Kd6 57. Ke4 Ke7 58. Ke5 Kd7 59. d6 Kd8 60. Ke6 Ke8 61. d7+ Kd8 62. Kd6 g6 63. Ke6 0-1

[Event "West Australia-ch"]
[Site "South Perth"]
[Date "2005.08.21"]
[Round "8"]
[White "Whitehead, Paul"]
[Black "Tomic, Nedeljko"]
[Result "0-1"]
[WhiteElo "1610"]
[BlackElo "1705"]
[PlyCount "96"]
[EventDate "2005.07.03"]
[EventType "swiss"]
[EventRounds "9"]
[EventCountry "AUS"]
[SourceTitle "EXT 2009"]
[Source "ChessBase"]
[SourceDate "2008.11.26"]
[SourceVersion "1"]
[SourceVersionDate "2008.11.26"]
[SourceQuality "1"]

1. d4 f5 2. Nc3 e6 3. Nf3 b6 4. g4 Bb4 5. gxf5 exf5 6. Qd3 Qf6 7. Rg1 Nc6 8. Bg5 Qf8 9. 0-0-0 Be7 10. Nb5 Nb4 11. Nxc7+ Kd8 12. Qc4 Rb8 13. Ne5 Bxg5+ 14. Rxg5 Nh6 15. a3 Rb7 16. Nd5 Nxd5 17. Qxd5 Qf6 18. h4 g6 19. Rd3 Rc7 20. Kb1 Bb7 21. Qb3 d6 22. Rgg3 Re8 23. Bh3 Qxh4 24. Nf3 Qf6 25. Re3 Rxe3 26. Qxe3 f4 27. Qd2 fxg3 28. Qxh6 Be4 29. Qg5 Qxg5 30. Nxg5 Bxc2+ 31. Ka2 Ke7 32. fxg3 Kf6 33. Ne6 Re7 34. Nf4 Be4 35. Bg4 g5 36. Nh3 a5 37. b4 axb4 38. axb4 Rc7 39. Nf2 Bd5+ 40. Kb2 Re7 41. Kc3 Re3+ 42. Kd2 Rxg3 43. e4 Bf7 44. e5+ Ke7 45. exd6+ Kd8 46. Bf5 Rf3 47. Ng4 Rxf5 48. Ke3 Bd5 0-1

[Event "West Australia-ch"]
[Site "South Perth"]
[Date "2005.08.20"]
[Round "7"]
[White "Tomic, Nedeljko"]
[Black "O'Donoghue, Brett"]
[Result "1-0"]
[WhiteElo "1705"]
[BlackElo "1592"]
[PlyCount "64"]
[EventDate "2005.07.03"]
[EventType "swiss"]
[EventRounds "9"]
[EventCountry "AUS"]
[SourceTitle "EXT 2009"]
[Source "ChessBase"]
[SourceDate "2008.11.26"]
[SourceVersion "1"]
[SourceVersionDate "2008.11.26"]
[SourceQuality "1"]

1. e4 c5 2. Nf3 Nc6 3. b3 Nf6 4. e5 Nd5 5. Bb5 Qc7 6. Bb2 e6 7. c4 Nf4 8. 0-0 Nd3 9. Bxc6 Nxb2 10. Qc2 Nxc4 11. Bxd7+ Bxd7 12. bxc4 Bc6 13. Re1 Bxf3 14. gxf3 Be7 15. Qa4+ Kf8 16. Nc3 a6 17. f4 Rd8 18. Ne4 h5 19. Rab1 g6 20. Re3 Kg7 21. Qb3 Rd7 22. Qb2 Rb8 23. Rb3 Kg8 24. Rb6 h4 25. Qc3 Qd8 26. R1b3 g5 27. Qf3 f6 28. f5 exf5 29. Qxf5 Qe8 30. Qe6+ Kh8 31. Nxg5 Qh5 32. Nf7+ Kg7 1-0

[Event "West Australia-ch"]
[Site "South Perth"]
[Date "2005.08.07"]
[Round "6"]
[White "Holland, Dennis"]
[Black "Tomic, Nedeljko"]
[Result "1-0"]
[WhiteElo "1588"]
[BlackElo "1705"]
[PlyCount "115"]
[EventDate "2005.07.03"]
[EventType "swiss"]
[EventRounds "9"]
[EventCountry "AUS"]
[SourceTitle "EXT 2009"]
[Source "ChessBase"]
[SourceDate "2008.11.26"]
[SourceVersion "1"]
[SourceVersionDate "2008.11.26"]
[SourceQuality "1"]

1. Nf3 c5 2. e3 Nc6 3. d4 cxd4 4. exd4 d5 5. c3 Bg4 6. h3 Bh5 7. Be2 e6 8. Bf4 Nf6 9. 0-0 h6 10. Re1 Bd6 11. Ne5 Bxe2 12. Qxe2 0-0 13. Nd2 Rc8 14. Nb3 Ne7 15. Rad1 Kh7 16. Qc2+ g6 17. Qc1 Neg8 18. g4 Ne8 19. Qe3 Ng7 20. Nd3 Bxf4 21. Nxf4 Nf6 22. Nc5 b6 23. Ncd3 Ne4 24. f3 Nd6 25. Ne5 Qh4 26. Kh2 h5 27. Ng2 Qd8 28. Qd3 Qc7 29. Nf4 Nc4 30. Re2 Nxe5 31. dxe5 f5 32. g5 Qe7 33. h4 Rc4 34. Ng2 Rfc8 35. f4 Qc5 36. Kg3 a5 37. Ne3 Re4 38. Nc2 b5 39. Nd4 Rb8 40. Rc2 Rb6 41. Kf3 Ne8 42. Nb3 Qe7 43. Nxa5 b4 44. c4 Nc7 45. Nb3 Kg8 46. Nd2 Ra6 47. cxd5 b3 48. Qxb3 exd5 49. Qb8+ Ne8 50. Nxe4 fxe4+ 51. Kg3 Qd7 52. Qc8 Qb5 53. Rxd5 Qa4 54. Rc4 Ra8 55. Qe6+ Kf8 56. Rxa4 Rxa4 57. Rd8 Ra8 58. Rxa8 1-0

[Event "West Australia-ch"]
[Site "South Perth"]
[Date "2005.07.03"]
[Round "1"]
[White "Tomic, Nedeljko"]
[Black "Laugery, Bernard"]
[Result "1-0"]
[WhiteElo "1705"]
[BlackElo "1377"]
[PlyCount "115"]
[EventDate "2005.07.03"]
[EventType "swiss"]
[EventRounds "9"]
[EventCountry "AUS"]
[SourceTitle "EXT 2009"]
[Source "ChessBase"]
[SourceDate "2008.11.26"]
[SourceVersion "1"]
[SourceVersionDate "2008.11.26"]
[SourceQuality "1"]

1. e4 e6 2. Nc3 d5 3. d4 Bb4 4. Qg4 Bf8 5. e5 f5 6. exf6 Nxf6 7. Qg5 Ng8 8. Qg3 Qd7 9. Nf3 Bd6 10. Qg5 Qe7 11. Bd3 Qxg5 12. Nxg5 Nf6 13. Nb5 Bb4+ 14. c3 Ba5 15. Bf4 a6 16. Nxc7+ Bxc7 17. Bxc7 0-0 18. 0-0-0 h6 19. Nf3 Nc6 20. Rde1 Rf7 21. Be5 Bd7 22. Bg6 Rff8 23. Bd6 Rfc8 24. h3 Be8 25. Bc2 Bf7 26. g4 Rd8 27. Ba3 Rd7 28. g5 hxg5 29. Nxg5 Re8 30. Re3 Nd8 31. Bc5 Rc7 32. Rhe1 Rc6 33. Ba4 b5 34. Bc2 Nb7 35. b4 Nxc5 36. bxc5 Re7 37. a4 Ne8 38. h4 Nc7 39. f4 Re8 40. axb5 axb5 41. Bd3 Re7 42. f5 Re8 43. Kd2 Re7 44. fxe6 Bxe6 45. Nxe6 Rcxe6 46. Rxe6 Rxe6 47. Rxe6 Nxe6 48. Bxb5 Nc7 49. c4 Kf8 50. Kc3 Ke7 51. Bc6 dxc4 52. Kxc4 Na6 53. d5 Nb8 54. Kb5 Kd8 55. Kb6 Kc8 56. Bb5 Nd7+ 57. Bxd7+ Kxd7 58. c6+ 1-0

[Event "WA State-ch"]
[Site "Perth"]
[Date "2004.??.??"]
[Round "6"]
[White "Ellis, David"]
[Black "Tomic, Nedeljko"]
[Result "0-1"]
[WhiteElo "2030"]
[BlackElo "1620"]
[PlyCount "85"]
[EventDate "2004.??.??"]
[EventType "swiss"]
[EventRounds "9"]
[EventCountry "AUS"]
[SourceTitle "EXT 2007"]
[Source "ChessBase"]
[SourceDate "2006.11.23"]
[SourceVersion "1"]
[SourceVersionDate "2006.11.23"]
[SourceQuality "1"]

1. Nf3 f5 2. e4 fxe4 3. Ng5 Nf6 4. d3 e5 5. dxe4 Be7 6. Bc4 d5 7. exd5 Bd6 8. Nc3 Qe7 9. 0-0 0-0 10. Re1 Kh8 11. Nce4 Bg4 12. f3 Bf5 13. a4 Nbd7 14. Nxd6 cxd6 15. a5 Rac8 16. Bd3 Bxd3 17. Qxd3 Nc5 18. Qd1 Qd7 19. c4 h6 20. Nh3 Qf5 21. Nf2 Rf7 22. Be3 Nfd7 23. Bxc5 Nxc5 24. Ne4 Nxe4 25. Rxe4 Rfc7 26. b3 g5 27. Qe2 Rf8 28. Qe3 Qc8 29. h4 Rf4 30. Rxf4 gxf4 31. Qe4 Rg7 32. Kf2 Qd8 33. a6 Qxh4+ 34. Kg1 Qg5 35. Qe2 b6 36. b4 Qe7 37. Rd1 Qc7 38. Rc1 Qc8 39. c5 bxc5 40. bxc5 h5 41. Qe1 Qh3 42. Qe2 e4 43. fxe4 0-1